1826 1058 1605 1351 1169 1859 1783 1189 1974 1890 1441 1857 1416 1468 1680 1187 1298 1176 1026 1771 1982 1999 1071 1583 1680 1040 1001 1605 1713 1840 1619 1898 1273 1820 1602 1496 1220 1348 1683 1335 1403 1483 1272 1822 1160 1376 1689 1696 1348 1261 1106 1535 1252 1617 1815 1296 1327 1622 1867 1584 1106 1807 1234 1757 1018 1533 1776 1451 1952 1963 1019 1984 1038 1947 1050 1933 1490 1952 1242 1306 1727 1385 1908 1531 1905 1625 1752 1271 1214 1695 1748 1421 1366 1961 1081 1868 1107 1311 1090 BCNSPRNW ULIB Ver.6.0+V

เปลี่ยนเป็นภาษาไทย

Change to English
 แสดงรายละเอียดบรรณานุกรม
  กลับหน้าหลัก

Brief Record : Get Marc (ISO 2709) : E-mail record : QR code < ปิดหน้าต่าง
LEADER : 00000nam 2200000uu 4500
001    13399108188
003     ULIB
008    110220s2550||||th 000 0 tha d
020    9744654147(ล.1)
060 04 WY150^bว485น ล.1 2550
100 0  วารุณี มีเจริญ
245 10 แนวทางการวางแผนการพยาบาลผู้ป่วยทางอายุรกรรม^nเล่ม 1 =^bPlanning guides for medical nursing I /^cวารุณี มีเจริญ
246 31 Planning guides for medical nursing I
250    พิมพ์ครั้งที่ 3
260    สระบุรี :^bโครงการตำราวิทยาลัยพยาบาลบรมราชชนนี สระบุรีสถาบันพระบรมราชชนก สำนักงานปลัดกระทรวง กระทรวงสาธารณสุข,^c2550
300    208 หน้า ;^c27 ซม.
650  7 การพยาบาลอายุรศาสตร์
650  7 ผู้ป่วย
650  7 อายุรศาสตร์
710 2  วิทยาลัยพยาบาลบรมราชชนนี สระบุรี
710 2  กระทรวงสาธารณสุข. ^bสำนักงานปลัดกระทรวง.^bสถาบันพระบรมราชชนก
945    ^p190^l0^i021206
945    ^p190^l0^i021205
945    ^p190^l0^i021204
945    ^p190^l0^i021203
995    ทศพร
999 ^a ใช้งานได้ทุกระบบ
รายการนี้ยังไม่มีแท็ก
คุณยังไม่ได้ล็อกอิน คุณสามารถมีกิจกรรมร่วมกับเว็บไซต์ได้ แต่ต้องล็อกอินก่อน ::
  ล็อกอิน

รายการสื่อสารสนเทศ

ลำดับที่ ประเภท เลขเรียก/บาร์โค้ด สถานที่ สถานะ
- ไม่พบข้อมูล -

รายการใกล้เคียง
    ผู้แต่ง [วารุณี มีเจริญ]

    หัวเรื่อง [การพยาบาลอายุรศาสตร์]
    หัวเรื่อง [ผู้ป่วย]
    หัวเรื่อง [อายุรศาสตร์]

BibComment


ยังไม่เคยถูกคอมเมนท์

คอมเมนท์ทรัพยากรรายการนี้
  คอมเมนท์: แนวทางการวางแผนกา..


 Copyright 2026. Bcnsprnw @Library